[Event "EICC 2017"]
[Site "Minsk"]
[Date "2017.06.03"]
[Round "5"]
[White "Bochkarev, Yuriy"]
[Black "Forcen Esteban, Daniel"]
[Result "0-1"]
[WhiteElo "2084"]
[BlackElo "2545"]
[Annotator "TA"]
[PlyCount "96"]
[EventDate "2017.??.??"]
[EventCountry "BLR"]
[SourceTitle "playchess.com"]
[Source "ChessBase"]
[SourceQuality "1"]

{[%evp 12,96,-18,-47,-17,-47,-1,-41,-41,-144,-143,-156,-147,-205,-195,-180,-198,-264,-239,-240,-245,-231,-208,-208,-215,-210,-210,-219,-209,-213,-208,-237,-214,-208,-187,-185,-162,-211,-189,-298,-300,-300,-302,-302,-301,-331,-291,-344,-310,-384,-366,-390,-398,-408,-401,-557,-551,-535,-535,-652,-621,-617,-610,-611,-608,-607,-608,-718,-700,-974,-736,-29982,-29983,-29983,-29984,-29980,-2197,-3058,-2822,-4886,-5622,-29983,-29984,-29991,-29990,-29994,-29995]} 1. d4 Nf6 2. Nf3 c5 3. c3 d5 4. Bf4 Nc6 5. e3 Qb6 6. Qc1 {D02: 1 d4 d5 2 Nf3 sidelines, including 2...Nf6 3 g3 and 2...Nf6 3 Bf4} (6. Qb3 c4 7. Qc2 Bf5 8. Qc1 h6 9. Nbd2 e6 10. Be2 Be7 11. b3 cxb3 12. axb3 O-O 13. O-O Rfc8 14. Qb2 a5 15. Ra4 Qd8 16. Rfa1 Ne8 17. h3 {½-½ (51) Yu,Y (2747)-Maze,S (2591) Gibraltar 2016}) 6... Nh5 7. Bg3 {LiveBook: 3 Games} Bf5 8. Nbd2 {The position is equal.} Rc8 $146 ({Predecessor:} 8... Nxg3 9. hxg3 h6 10. Be2 e6 11. Nb3 Rc8 12. O-O Be7 13. dxc5 Bxc5 14. Nxc5 Qxc5 15. Qd1 {1-0 (106) Kharlov,A (2591)-Oganyants,A (2175) chessassistantclub.com INT 2004}) 9. Be2 Nxg3 10. fxg3 (10. hxg3 $15 cxd4 11. exd4) 10... g6 $17 11. O-O Bh6 12. Nb3 (12. Kh1 $17 {might work better.}) 12... cxd4 $19 13. Nfxd4 Be4 {And now ...e5 would win.} 14. Bg4 (14. Kh1 {keeps fighting.}) 14... f5 15. Bf3 e5 {[%cal Be7e5,Be5e4][%mdl 32]} 16. Nc2 {White hopes to continue with Bxe4.} Bxc2 17. Qxc2 e4 18. Be2 O-O 19. Kh1 Bxe3 20. Qd1 Rfd8 21. a4 a5 22. Bb5 Ne5 23. Qe2 Bh6 24. Rad1 Ng4 25. Rd4 (25. Rb1 {is a better defense.}) 25... Be3 26. h3 Bxd4 27. Nxd4 Ne5 28. Rd1 Qf6 29. Qc2 Rd6 30. Ne2 Rcd8 31. Qd2 Nc6 32. Rf1 d4 33. Bxc6 dxc3 (33... Rxc6 $2 34. Nxd4 h5 35. Kg1 $17) 34. Qc2 bxc6 35. bxc3 Rd2 36. Qb3+ Qf7 37. Qb6 Qc4 38. Re1 Re8 39. Nf4 Qxc3 40. Re3 Rb2 {[#] ( -> ...Qc1+)} 41. Qa7 Rb1+ 42. Kh2 Qc1 {[%csl Gb1][%cal Rc1h1]} 43. g4 Qg1+ (43... g5 $142 44. Nh5 Qg1+ 45. Kg3 f4+ 46. Nxf4 gxf4+ 47. Kh4 Qf2+ 48. Kh5 fxe3 49. Qc5 Qf7+ 50. Kh4 e2 51. Qd4 e1=Q+ 52. g3 e3 53. Qc4 Qxc4 54. Kh5 Qxg3 55. h4 Qgxg4+ 56. Kh6 Qxh4#) 44. Kg3 {[#]} Rb3 $1 {[%mdl 512]} 45. Kh4 (45. Rxb3 Qxa7) 45... Qxe3 46. Qd7 Rbb8 {Black mates.} 47. Kg5 fxg4 ({Stronger than} 47... h6+ 48. Kxg6 Re7 49. Qxe7 Qa7 50. Qxa7 Rb7 51. Qxb7 fxg4 52. Qg7#) 48. hxg4 Re5+ {Precision: White = 33%, Black = 71%.} 0-1